[Event "Первенство Москвы"]
[Site "РњРѕСЃРєРІР°"]
[Date "2016.11.14"]
[Round "3.11"]
[White "Pavlov, Mark"]
[Black "Kushnarenko, Egor"]
[Result "1-0"]
[WhiteElo "1734"]
[BlackElo "1544"]
[PlyCount "71"]
[EventDate "2016.11.12"]

1. d4 d5 2. c4 e6 3. Nf3 Nf6 4. g3 dxc4 5. Bg2 Nc6 6. O-O a6 7. Nc3 Rb8 8. e4
h6 9. Re1 b5 10. a3 Na5 11. Bf4 Nb3 12. Rb1 Nd7 13. d5 Ndc5 14. Ne5 Bb7 15. Bh3
Bd6 16. dxe6 Bxe5 17. exf7+ Kxf7 18. Qh5+ g6 19. Qxe5 Nd3 20. Qe6+ Kf8 21. Qxg6
Nxf4 22. Qf5+ Kg7 23. Qxf4 Rf8 24. Bf5 Qd6 25. Qg4+ Kh8 26. Rbd1 Qf6 27. Rd7
Rf7 28. Rxf7 Qxf7 29. Rd1 Nc5 30. Ne2 Nd3 31. Nf4 Nxf4 32. Qxf4 Qg7 33. Rd7
Qxb2 34. Qxh6+ Kg8 35. Qh7+ Kf8 36. Qf7# 1-0

[Event "Первенство Москвы"]
[Site "РњРѕСЃРєРІР°"]
[Date "2016.11.14"]
[Round "3.12"]
[White "Titov, Alexander"]
[Black "Kondratiev, Vadim"]
[Result "1-0"]
[WhiteElo "1691"]
[BlackElo "1537"]
[PlyCount "125"]
[EventDate "2016.11.12"]

1. Nf3 d5 2. d4 Nf6 3. c4 c6 4. Nc3 e6 5. g3 Nbd7 6. Bg2 Be7 7. O-O O-O 8. Qc2
Re8 9. b3 b6 10. Bb2 Bb7 11. Rfd1 Nf8 12. e4 h6 13. e5 N6h7 14. h4 Qd7 15. a4
Red8 16. a5 Rac8 17. axb6 axb6 18. Na4 Qc7 19. c5 bxc5 20. Nxc5 Bxc5 21. dxc5
Rb8 22. Bd4 Nd7 23. Bh3 Re8 24. Ra7 Ra8 25. Rda1 Rxa7 26. Rxa7 Ra8 27. Rxa8+
Bxa8 28. Qa2 Bb7 29. b4 Nhf8 30. Qa1 Qd8 31. Nd2 f6 32. f4 f5 33. Qa7 Qa8 34.
Qxa8 Bxa8 35. Bf1 Bb7 36. Nb3 Nb8 37. Na5 Bc8 38. b5 Bd7 39. b6 Bc8 40. h5 Kh7
41. Kf2 g6 42. hxg6+ Kxg6 43. Kg2 h5 44. Be2 Kh6 45. Kh3 Ng6 46. b7 Bd7 47. Be3
Be8 48. Nb3 Nf8 49. Bd2 Kh7 50. Ba5 Kg7 51. Bc7 Nfd7 52. Bd6 Kh7 53. Nd4 Bf7
54. Kh4 Kh6 55. Bd1 Kh7 56. Ba4 Kh6 57. Nxc6 Nxc6 58. Bxc6 d4 59. Bxd7 d3 60.
b8=Q d2 61. Qh8+ Kg6 62. Bf8 d1=Q 63. Qg7# 1-0

[Event "Первенство Москвы"]
[Site "РњРѕСЃРєРІР°"]
[Date "2016.11.14"]
[Round "3.13"]
[White "Soloviev, Vladislav"]
[Black "Pischik, Aleksei"]
[Result "1/2-1/2"]
[WhiteElo "1669"]
[BlackElo "1533"]
[PlyCount "83"]
[EventDate "2016.11.12"]

1. e4 d5 2. exd5 Qxd5 3. Nc3 Qa5 4. d4 Nf6 5. Nf3 Bg4 6. h3 Bh5 7. g4 Bg6 8.
Ne5 c6 9. Bd2 Qd8 10. Be3 Nbd7 11. Qf3 Nxe5 12. dxe5 Nd5 13. Nxd5 Qxd5 14. Qxd5
cxd5 15. Bb5+ Kd8 16. O-O-O e6 17. f3 Rc8 18. Rh2 b6 19. h4 h5 20. g5 Bc5 21.
Bf4 Ke7 22. Bd3 Bxd3 23. Rxd3 g6 24. Bd2 Kd7 25. Be3 Bxe3+ 26. Rxe3 Rhd8 27.
Ra3 Rc7 28. Rd2 Ra8 29. Ra4 Ke7 30. Rd3 a5 31. Rb3 Rc6 32. Rd4 Rac8 33. c3 R8c7
34. Kd2 Kd8 35. Ra3 Kc8 36. b4 axb4 37. Rxb4 Kb7 38. Rab3 Rc8 39. Rf4 R8c7 40.
Rfb4 Rc8 41. Rf4 R8c7 42. Rfb4 1/2-1/2

[Event "Первенство Москвы"]
[Site "РњРѕСЃРєРІР°"]
[Date "2016.11.14"]
[Round "3.14"]
[White "Kalita, Daniil"]
[Black "Akhmetshin, Alexander"]
[Result "1/2-1/2"]
[WhiteElo "1520"]
[BlackElo "1666"]
[PlyCount "124"]
[EventDate "2016.11.12"]

1. e4 e6 2. d4 d5 3. Nc3 Bb4 4. e5 Ne7 5. a3 Bxc3+ 6. bxc3 c5 7. Qg4 O-O 8. Nf3
c4 9. h4 f5 10. exf6 Rxf6 11. Bg5 e5 12. Qg3 Re6 13. dxe5 Nbc6 14. Bf6 Qf8 15.
Ng5 Qxf6 16. Nxe6 Qxe6 17. f4 Nf5 18. Qf2 Qg6 19. g4 Qxg4 20. Be2 Qg3 21. Bf3
Qxf2+ 22. Kxf2 Be6 23. Rab1 b6 24. Bg4 Rd8 25. Rbd1 d4 26. cxd4 Rxd4 27. Rxd4
Nfxd4 28. Bxe6+ Nxe6 29. Ke3 Ncd4 30. Rh2 Nb5 31. a4 Nc3 32. f5 Nd5+ 33. Kf3
Nc5 34. Rd2 Ne7 35. e6 h6 36. Kf4 Nc6 37. Rd6 g5+ 38. hxg5 hxg5+ 39. Ke3 Ne7
40. Rd8+ Kg7 41. Kd4 Nc6+ 42. Kd5 Ne7+ 43. Kxc4 Nxf5 44. Kd5 Ne3+ 45. Kd6 Nc4+
46. Ke7 Ne5 47. Rd6 g4 48. Ke8 g3 49. Rd2 Nxe6 50. Rg2 Nc7+ 51. Ke7 Ng6+ 52.
Kd7 Na6 53. Rxg3 Nc5+ 54. Kc6 Nxa4 55. Ra3 Nc5 56. Rxa7+ Kf6 57. Kxb6 Ne6 58.
c4 Ke5 59. c5 Nd4 60. Rc7 Ke6 61. Rh7 Ne7 62. Rxe7+ Kxe7 1/2-1/2

[Event "Первенство Москвы"]
[Site "РњРѕСЃРєРІР°"]
[Date "2016.11.14"]
[Round "3.15"]
[White "Ivanov, Artem T"]
[Black "Dubinenko, Konstantin"]
[Result "1-0"]
[WhiteElo "1660"]
[BlackElo "1519"]
[PlyCount "39"]
[EventDate "2016.11.12"]

1. e4 e5 2. Nf3 Nc6 3. Bb5 g6 4. d4 exd4 5. Nxd4 Bg7 6. Be3 Nge7 7. Nc3 O-O 8.
O-O d6 9. f4 a6 10. Be2 f5 11. Bc4+ Kh8 12. Ne6 Bxe6 13. Bxe6 Bxc3 14. bxc3
fxe4 15. Bd4+ Ne5 16. fxe5 d5 17. Bf7 h6 18. e6+ Kh7 19. Bf6 c6 20. Qg4 1-0

[Event "Первенство Москвы"]
[Site "РњРѕСЃРєРІР°"]
[Date "2016.11.14"]
[Round "3.16"]
[White "Kozlov, Kirill"]
[Black "Efimov, Ivan"]
[Result "1/2-1/2"]
[WhiteElo "1654"]
[BlackElo "1486"]
[PlyCount "80"]
[EventDate "2016.11.12"]

1. Nf3 d6 2. d4 Nf6 3. c4 g6 4. g3 Bg7 5. Bg2 O-O 6. O-O Nbd7 7. Qc2 c5 8. d5
Nb6 9. e4 e6 10. Nbd2 exd5 11. cxd5 Bg4 12. h3 Bxf3 13. Nxf3 Nbd7 14. Bf4 Qe7
15. Rfe1 b5 16. Rad1 c4 17. Qd2 Nc5 18. Bxd6 Qxd6 19. e5 Qb6 20. exf6 Qxf6 21.
Ne5 Rae8 22. f4 Qb6 23. Kh1 Bxe5 24. Rxe5 Nd3 25. Rxe8 Rxe8 26. Kh2 Nf2 27. Re1
Rxe1 28. Qxe1 Nd3 29. Qe4 Nxb2 30. Qe8+ Kg7 31. Qe5+ Qf6 32. d6 Nd3 33. Qd5 Nb4
34. Qxb5 Qxd6 35. Qxc4 Qb6 36. a3 Na6 37. Bd5 Qb2+ 38. Kh1 Qb1+ 39. Kh2 Qb2+
40. Kh1 Qb1+ 1/2-1/2

[Event "Первенство Москвы"]
[Site "РњРѕСЃРєРІР°"]
[Date "2016.11.14"]
[Round "3.17"]
[White "Knjazev, Artem"]
[Black "Gubanov, Timofey"]
[Result "0-1"]
[WhiteElo "1476"]
[BlackElo "1624"]
[PlyCount "108"]
[EventDate "2016.11.12"]

1. e4 c5 2. Nf3 d6 3. d4 cxd4 4. Nxd4 Nf6 5. Nc3 g6 6. Be2 Bg7 7. O-O O-O 8.
Nb3 Nc6 9. Be3 Bd7 10. Qd2 Ng4 11. Bxg4 Bxg4 12. f3 Be6 13. Nd4 Bd7 14. Qf2 a6
15. Nxc6 bxc6 16. Rab1 Rb8 17. Bd4 e5 18. Be3 f5 19. exf5 Bxf5 20. Qe2 Qa5 21.
Bg5 d5 22. Be7 Rfe8 23. Bd6 Rbd8 24. b4 Qb6+ 25. Bc5 Qb7 26. g4 Bc8 27. a4 e4
28. Nd1 Qd7 29. Bb6 exf3 30. Qxf3 Rf8 31. Qg2 Rxf1+ 32. Kxf1 Rf8+ 33. Nf2 Qxg4
34. Qxg4 Bxg4 35. Kg1 Bf5 36. Bc5 Re8 37. Rc1 Bh6 38. Rf1 Bf8 39. Bxf8 Kxf8 40.
c3 Kg7 41. Rc1 Rb8 42. Kf1 a5 43. bxa5 Ra8 44. c4 d4 45. c5 Rxa5 46. Rc4 Kf6
47. Rxd4 Ke5 48. Rh4 h5 49. Ke2 Kd5 50. Nd3 Bg4+ 51. Kd2 g5 52. Nb4+ Kxc5 53.
Nd3+ Kb6 54. Rxg4 hxg4 0-1

[Event "Первенство Москвы"]
[Site "РњРѕСЃРєРІР°"]
[Date "2016.11.14"]
[Round "3.18"]
[White "Karlov, Egor"]
[Black "Nasyrov, Anton"]
[Result "1-0"]
[WhiteElo "1623"]
[BlackElo "1485"]
[PlyCount "99"]
[EventDate "2016.11.12"]

1. d4 f5 2. c4 e6 3. Nc3 Nf6 4. e3 d5 5. Nf3 c6 6. b3 Bd6 7. Bd3 O-O 8. Bb2 Qe8
9. Ne2 Ne4 10. Ne5 Bb4+ 11. Kf1 Bd6 12. f3 Bxe5 13. dxe5 Qf7 14. Bxe4 fxe4 15.
f4 Nd7 16. g3 Qf5 17. Kg2 Nb6 18. c5 Nd7 19. b4 Qf7 20. Rf1 b6 21. Qa4 Bb7 22.
Bd4 a5 23. cxb6 axb4 24. Qxb4 c5 25. Bxc5 Nxc5 26. Qxc5 Rfc8 27. Qd4 Rc2 28.
Qd1 Raxa2 29. Rxa2 Rxa2 30. Rf2 Qh5 31. h4 Kf7 32. Nc3 Qf3+ 33. Qxf3 exf3+ 34.
Kg1 Rxf2 35. Kxf2 Ke7 36. Nb5 Kd7 37. Nd4 Bc8 38. Kxf3 h5 39. Ke2 Kd8 40. Kd3
Bd7 41. Kc3 Kc8 42. Kb4 Kb7 43. Kc5 Bc8 44. Kd6 Kxb6 45. Nxe6 g6 46. Kxd5 Bb7+
47. Kd6 Be4 48. Nf8 Bf5 49. e6 Bxe6 50. Kxe6 1-0

[Event "Первенство Москвы"]
[Site "РњРѕСЃРєРІР°"]
[Date "2016.11.14"]
[Round "3.19"]
[White "Zherdev, Sviatoslav"]
[Black "Gofman, Lev"]
[Result "1-0"]
[WhiteElo "1412"]
[BlackElo "1622"]
[PlyCount "85"]
[EventDate "2016.11.12"]

1. e4 e6 2. d3 d5 3. Nd2 c5 4. Ngf3 Nc6 5. g3 b6 6. Bg2 Bb7 7. O-O Nf6 8. e5
Nd7 9. Re1 Qc7 10. Qe2 Be7 11. Nf1 h5 12. h4 O-O-O 13. Bf4 Nf8 14. c3 Ng6 15.
Bd2 d4 16. cxd4 Rxd4 17. Bc3 Rd7 18. Rad1 Rhd8 19. N3h2 Ba6 20. f4 Bxd3 21.
Qxh5 Rh8 22. Qf3 Bb5 23. Rxd7 Qxd7 24. Rd1 Qc7 25. Ne3 Rd8 26. b3 Kb7 27. a4
Bd3 28. Nc4 Be4 29. Qf1 Bxg2 30. Kxg2 Nd4 31. Bxd4 cxd4 32. Nf3 Qc6 33. Qd3
Bxh4 34. Nd6+ Kb8 35. Nxf7 Nxf4+ 36. gxf4 Rf8 37. Qg6 d3 38. Qxg7 Qc8 39. Qh7
Rg8+ 40. Kf1 Bf2 41. Kxf2 Qc5+ 42. Kf1 Rg3 43. Qxd3 1-0

[Event "Первенство Москвы"]
[Site "РњРѕСЃРєРІР°"]
[Date "2016.11.14"]
[Round "3.20"]
[White "Yudin, Mikhail"]
[Black "Makshanov, Matvey"]
[Result "1-0"]
[WhiteElo "1585"]
[BlackElo "1353"]
[PlyCount "81"]
[EventDate "2016.11.12"]

1. e4 e5 2. Nf3 Nc6 3. Bc4 Bc5 4. c3 Nf6 5. d3 O-O 6. Bb3 d5 7. Qe2 Re8 8. Nbd2
d4 9. a4 Bg4 10. h3 Bh5 11. g4 Bg6 12. Nf1 Qd6 13. Bc2 a5 14. Ng3 dxc3 15. bxc3
Ne7 16. Nh4 c6 17. O-O b5 18. Kh2 h6 19. f4 b4 20. fxe5 Qxe5 21. d4 Bxd4 22.
cxd4 Qxd4 23. Be3 Qe5 24. Nf3 Qc7 25. Nd2 c5 26. Bf4 Qd7 27. Qc4 Rac8 28. Nb3
Qa7 29. Bd6 Nd7 30. Qb5 c4 31. Qxa5 Qxa5 32. Nxa5 b3 33. Bb1 Nb6 34. Bb4 Nc6
35. Nxc6 Rxc6 36. Bc3 Nd7 37. Rd1 Nc5 38. a5 Rec8 39. Kg1 Na6 40. Ra4 Kf8 41.
Rd4 1-0

[Event "Первенство Москвы"]
[Site "РњРѕСЃРєРІР°"]
[Date "2016.11.14"]
[Round "3.22"]
[White "Vorobiev-Achinovich, Ivan"]
[Black "Gerasimov, Vadim"]
[Result "0-1"]
[WhiteElo "1378"]
[BlackElo "1566"]
[PlyCount "74"]
[EventDate "2016.11.12"]

1. c4 c5 2. Nc3 Nc6 3. Nf3 Nf6 4. g3 g6 5. Bg2 Bg7 6. O-O O-O 7. d3 d6 8. Bg5
Be6 9. a3 Qd7 10. Rb1 Bh3 11. b4 Bxg2 12. Kxg2 cxb4 13. axb4 Rac8 14. b5 Nd8
15. Qd2 Ne6 16. Bxf6 Bxf6 17. Nd5 Bg7 18. Ng5 b6 19. Nxe6 Qxe6 20. Qa2 Qd7 21.
Rb3 Qb7 22. Ra3 e6 23. e4 exd5 24. exd5 Rfe8 25. Rd1 Bd4 26. Ra6 Re7 27. Rb1
Bc3 28. Ra4 Ba5 29. Qa3 Qc7 30. d4 Qd7 31. Qd3 Rce8 32. Qa3 Rd8 33. Qd3 Qb7 34.
f3 Kg7 35. Qb3 Re2+ 36. Kg1 Re1+ 37. Kf2 Rde8 {запись не ясна} 0-1

[Event "Первенство Москвы"]
[Site "РњРѕСЃРєРІР°"]
[Date "2016.11.14"]
[Round "3.24"]
[White "Denisov, Mikhail"]
[Black "Kirushin, Ivan"]
[Result "0-1"]
[WhiteElo "1365"]
[BlackElo "1671"]
[PlyCount "96"]
[EventDate "2016.11.12"]

1. e4 c5 2. Nf3 d6 3. d4 cxd4 4. Nxd4 Nf6 5. Nc3 g6 6. f4 Bg7 7. e5 dxe5 8.
fxe5 Ng8 9. Bb5+ Bd7 10. e6 Bxb5 11. exf7+ Kxf7 12. Qf3+ Nf6 13. Ndxb5 Nc6 14.
O-O a6 15. Na3 Rf8 16. Ne4 Kg8 17. Qb3+ Kh8 18. Ng5 Qd5 19. Ne6 Qxb3 20. axb3
Rfc8 21. Nc4 Rg8 22. Nb6 Rae8 23. Bf4 Nh5 24. Nxg7 Nxg7 25. Rad1 Rd8 26. Bg5
Ne6 27. Bd2 Rgf8 28. Bc3+ Kg8 29. Rxf8+ Nxf8 30. Nd5 Kf7 31. Rf1+ Ke8 32. Nf4
Nd4 33. g3 Nxc2 34. Kf2 Nd4 35. Bxd4 Rxd4 36. Re1 Rd2+ 37. Re2 Rxe2+ 38. Kxe2
Kd7 39. Kd3 Ne6 40. Nd5 Kd6 41. Ne3 b5 42. b4 Nc7 43. Kd4 e6 44. b3 Nd5 45.
Nxd5 exd5 46. g4 g5 47. Kd3 Ke5 48. Ke3 d4+ 0-1

[Event "Первенство Москвы"]
[Site "РњРѕСЃРєРІР°"]
[Date "2016.11.14"]
[Round "3.26"]
[White "Trofimov, Boris"]
[Black "Dorofeev, Fedor"]
[Result "1/2-1/2"]
[WhiteElo "1441"]
[BlackElo "1460"]
[PlyCount "66"]
[EventDate "2016.11.12"]

1. e4 a6 2. d4 b5 3. c4 Bb7 4. cxb5 Bxe4 5. Nc3 Bb7 6. Bf4 e6 7. Nf3 Nf6 8. a3
c5 9. Be2 Nd5 10. Nxd5 Bxd5 11. Bxb8 Qxb8 12. bxa6 Qxb2 13. O-O cxd4 14. Nxd4
Bc5 15. Nb5 Qe5 16. Rc1 Bd6 17. Nxd6+ Qxd6 18. Bc4 O-O 19. Bxd5 Qxd5 20. Qxd5
exd5 21. Rfd1 Rxa6 22. Rxd5 Rxa3 23. Rxd7 Raa8 24. g3 Rfd8 25. Rcd1 Rxd7 26.
Rxd7 g6 27. Kg2 Kg7 28. Rc7 Ra6 29. Rb7 Ra8 30. Rc7 Ra6 31. Rb7 Ra8 32. Rc7 Ra6
33. Rb7 Ra8 1/2-1/2

[Event "Первенство Москвы"]
[Site "РњРѕСЃРєРІР°"]
[Date "2016.11.14"]
[Round "3.27"]
[White "Kazakov, Gleb"]
[Black "Rustamov, Sezqin"]
[Result "0-1"]
[WhiteElo "1366"]
[BlackElo "1798"]
[PlyCount "78"]
[EventDate "2016.11.12"]

1. e4 e5 2. Nf3 Nc6 3. Bc4 Bc5 4. c3 Nf6 5. d4 exd4 6. e5 d5 7. Bb5 Ne4 8. cxd4
Bb4+ 9. Bd2 Nxd2 10. Bxc6+ bxc6 11. Nbxd2 Bd7 12. O-O O-O 13. a3 Be7 14. b4 a5
15. Nb3 axb4 16. a4 Ra6 17. a5 Qa8 18. Ra2 Qa7 19. Qd2 c5 20. dxc5 Bb5 21. Rb1
Bc4 22. Qxb4 Bxc5 23. Qc3 Rb8 24. Rab2 Bb4 25. Qd4 Bxb3 26. Qxa7 Rxa7 27. Rxb3
c5 28. Nd4 Ra6 29. h3 h5 30. Kh2 Re8 31. f4 Bxa5 32. Nf5 Bd2 33. g3 Ra2 34.
R1b2 Rxb2 35. Rxb2 Bb4 36. Ne3 d4 37. Nd5 Rb8 38. Kg2 Kf8 39. Kf2 Be1+ 0-1

[Event "Первенство Москвы"]
[Site "РњРѕСЃРєРІР°"]
[Date "2016.11.14"]
[Round "3.28"]
[White "Sheyafetdinov, Daniil"]
[Black "Zurabian, Vage"]
[Result "1-0"]
[WhiteElo "1339"]
[BlackElo "1649"]
[PlyCount "109"]
[EventDate "2016.11.12"]

1. d4 Nf6 2. c4 g6 3. Nc3 Bg7 4. e4 d6 5. Nf3 O-O 6. Be2 Nbd7 7. O-O e5 8. Re1
exd4 9. Nxd4 Nc5 10. Bf1 a5 11. Bg5 h6 12. Bh4 Re8 13. f3 Ne6 14. Nxe6 Bxe6 15.
Qc2 g5 16. Bf2 Nh5 17. Rad1 Qe7 18. Nd5 Bxd5 19. cxd5 Rec8 20. Bd4 Bxd4+ 21.
Rxd4 Qe5 22. Rc4 Kg7 23. Qc3 Nf6 24. Qxe5 dxe5 25. Rec1 Ne8 26. R4c3 Kf8 27.
Bb5 Nd6 28. Bd7 Rd8 29. Rxc7 Ra6 30. Bh3 Rb6 31. b3 Ke8 32. Kf2 a4 33. Rb1 h5
34. g3 Ra8 35. b4 Kd8 36. Rc2 a3 37. Bf1 Kd7 38. Ke3 Ra4 39. b5 Ra5 40. Rc5 Ra4
41. Bd3 Ke7 42. Rb3 Ra5 43. f4 f6 44. fxe5 fxe5 45. Rb1 g4 46. Rc7+ Kf6 47.
Rf1+ Kg6 48. Re7 Nxb5 49. Rxe5 Nc3 50. Re6+ Rxe6 51. dxe6 Nxa2 52. e5+ Kg7 53.
Rf5 Kh6 54. e7 Ra8 55. Rf8 1-0

[Event "Первенство Москвы"]
[Site "РњРѕСЃРєРІР°"]
[Date "2016.11.14"]
[Round "3.29"]
[White "Ratataev, Ilya"]
[Black "Morozov, Yury"]
[Result "0-1"]
[WhiteElo "1262"]
[BlackElo "1552"]
[PlyCount "61"]
[EventDate "2016.11.12"]

1. e4 e5 2. Nf3 Nc6 3. Bb5 Nge7 4. O-O g6 5. c3 Bg7 6. d4 exd4 7. cxd4 d5 8. e5
O-O 9. Re1 Bg4 10. Be2 Nf5 11. Be3 Nxe3 12. fxe3 f6 13. exf6 Qxf6 14. Qb3 Qd6
15. Nc3 Ne7 16. Rac1 a6 17. Ne4 Qd8 18. Nc3 Bh6 19. Bd1 c6 20. Ne5 Bxd1 21.
Rcxd1 Rb8 22. Na4 b6 23. Qc3 Qd6 24. Rf1 Bg7 25. Rxf8+ Kxf8 26. Rf1+ Kg8 27.
Nf3 Nf5 28. Re1 c5 29. Qd2 Rc8 30. b3 Bh6 31. g4 0-1

[Event "Первенство Москвы"]
[Site "РњРѕСЃРєРІР°"]
[Date "2016.11.14"]
[Round "3.30"]
[White "Tishkin, Boris"]
[Black "Pankin, Pavel"]
[Result "1-0"]
[WhiteElo "1527"]
[BlackElo "1301"]
[PlyCount "57"]
[EventDate "2016.11.12"]

1. d4 d5 2. c4 e6 3. Nc3 c6 4. Nf3 dxc4 5. a4 Bb4 6. e3 b5 7. axb5 cxb5 8. Nd2
Bxc3 9. bxc3 Bb7 10. Ba3 Nf6 11. Qb1 a6 12. Nxc4 Ne4 13. f3 Qh4+ 14. g3 Nxg3
15. hxg3 Qxh1 16. Nd6+ Kd7 17. Nxb7 Qxf3 18. Nc5+ Kc8 19. Qe4 Qxg3+ 20. Kd2 Ra7
21. Qf4 Qxf4 22. exf4 Nd7 23. Nxd7 Kxd7 24. Bc5 Rc7 25. Rxa6 Rc6 26. Bxb5 Rhc8
27. Ra7+ R8c7 28. Rxc7+ Kxc7 29. Bxc6 1-0

[Event "Первенство Москвы"]
[Site "РњРѕСЃРєРІР°"]
[Date "2016.11.14"]
[Round "3.31"]
[White "Brutian, Kristian"]
[Black "Khegay, Ivan"]
[Result "1-0"]
[WhiteElo "1481"]
[BlackElo "1206"]
[PlyCount "65"]
[EventDate "2016.11.12"]

1. e4 c5 2. Nf3 d6 3. d4 cxd4 4. Nxd4 Nf6 5. Nc3 g6 6. Be3 Bg7 7. f3 O-O 8. Qd2
Nc6 9. O-O-O d5 10. exd5 Nxd5 11. Nxc6 bxc6 12. Nxd5 cxd5 13. Qxd5 Qc7 14. Qxa8
Bf5 15. Qxf8+ Kxf8 16. Rd2 Bf6 17. Bd3 Qe5 18. Bh6+ Kg8 19. c3 Bxd3 20. Rxd3
Bg5+ 21. Bxg5 Qxg5+ 22. Rd2 h5 23. b4 Qe5 24. Kb2 Kh8 25. h3 Kg7 26. Rhd1 Qg3
27. Re2 e6 28. Rd7 a6 29. Kb3 Kf6 30. a4 Qb8 31. c4 Qb6 32. Red2 Qe3+ 33. R7d3
1-0

[Event "Первенство Москвы"]
[Site "РњРѕСЃРєРІР°"]
[Date "2016.11.14"]
[Round "3.32"]
[White "Khakimullin, Artur"]
[Black "Kim, Andrey"]
[Result "0-1"]
[WhiteElo "1147"]
[BlackElo "1440"]
[PlyCount "150"]
[EventDate "2016.11.12"]

1. e4 e6 2. d4 d5 3. Nd2 Nf6 4. e5 Nfd7 5. c3 c5 6. Ndf3 b6 7. Ne2 Ba6 8. Ng3
Bxf1 9. Nxf1 Nc6 10. Ne3 Be7 11. Nc2 cxd4 12. cxd4 O-O 13. O-O Rc8 14. Be3 Rc7
15. Rc1 Na5 16. Na1 Qc8 17. Rxc7 Qxc7 18. Qc1 Qb7 19. b3 Rc8 20. Qb2 Qa6 21.
Rc1 Nc6 22. Rc2 Ba3 23. Qb1 Qd3 24. Qf1 Qxf1+ 25. Kxf1 Ndb8 26. Bc1 Bf8 27. a3
Ne7 28. Rxc8 Nxc8 29. b4 Be7 30. Ke2 Nc6 31. Kd3 f6 32. Nc2 Bd8 33. Bd2 Bc7 34.
Bc3 a6 35. Ne3 N8a7 36. a4 Bd8 37. Nc2 Kf7 38. Ke3 h6 39. g4 Kg6 40. Kf4 Bc7
41. h4 Ne7 42. h5+ Kf7 43. Ke3 g6 44. hxg6+ Nxg6 45. exf6 Kxf6 46. Kd3 Nf4+ 47.
Ke3 Nc8 48. Ne5 Ng6 49. Nxg6 Kxg6 50. f4 Nd6 51. Ne1 Ne4 52. Bb2 Bd6 53. b5
axb5 54. axb5 Bb4 55. Nf3 Nd6 56. Ne5+ Kg7 57. Ba1 Nxb5 58. Nc6 Ba5 59. Nxa5
bxa5 60. Bb2 Nd6 61. Kd3 Nc4 62. Ba1 Kg6 63. Ke2 a4 64. Kd3 a3 65. Ke2 Na5 66.
Kd1 h5 67. gxh5+ Kxh5 68. Bc3 Nc4 69. Kc2 Kg4 70. Kb3 Kxf4 71. Ka2 Ke4 72. Kb3
Kd3 73. Ba1 Kd2 74. Ka2 Kc2 75. Bb2 Nxb2 0-1

[Event "Первенство Москвы"]
[Site "РњРѕСЃРєРІР°"]
[Date "2016.11.15"]
[Round "4.7"]
[White "Makhlin, Miron"]
[Black "Karlov, Egor"]
[Result "1-0"]
[WhiteElo "1777"]
[BlackElo "1623"]
[PlyCount "69"]
[EventDate "2016.11.12"]

1. d4 d5 2. Nf3 Nf6 3. c4 e6 4. g3 c6 5. Bg2 Bb4+ 6. Bd2 Bd6 7. Na3 Nbd7 8. O-O
O-O 9. Qb3 Ne4 10. Bb4 a5 11. Bxd6 Nxd6 12. Ne5 Nxe5 13. dxe5 Nf5 14. Rad1 Qc7
15. f4 dxc4 16. Nxc4 b5 17. Nd6 Qb6+ 18. Kh1 Ne3 19. Be4 Nxd1 20. Rxd1 Ra7 21.
Qc2 g6 22. Qxc6 Qxc6 23. Bxc6 b4 24. Rc1 Bd7 25. Bxd7 Rxd7 26. Kg2 Ra8 27. Kf3
Raa7 28. Rc8+ Kg7 29. Ne8+ Kh6 30. Nf6 Rd1 31. Rh8 Kg7 32. Rxh7+ Kf8 33. Rh8+
Kg7 34. Rg8+ Kh6 35. g4 1-0

[Event "Первенство Москвы"]
[Site "РњРѕСЃРєРІР°"]
[Date "2016.11.15"]
[Round "4.8"]
[White "Yudin, Mikhail"]
[Black "Pavlov, Mark"]
[Result "1/2-1/2"]
[WhiteElo "1585"]
[BlackElo "1734"]
[PlyCount "78"]
[EventDate "2016.11.12"]

1. e4 e6 2. d4 d5 3. Nc3 Nf6 4. e5 Nfd7 5. f4 c5 6. Nf3 Nc6 7. Be3 Qb6 8. Be2
cxd4 9. Nxd4 Bc5 10. Na4 Qa5+ 11. c3 Nxd4 12. Bxd4 Bxd4 13. Qxd4 b6 14. Bd1 Ba6
15. b4 Qb5 16. Nb2 Qc6 17. a4 b5 18. a5 Bb7 19. Bf3 a6 20. Rd1 Rc8 21. Rd3 O-O
22. O-O f6 23. Be2 fxe5 24. fxe5 Rxf1+ 25. Bxf1 Qc7 26. Re3 Rf8 27. Bd3 g6 28.
Nd1 Rf7 29. Nf2 Qd8 30. Nh3 Nb8 31. Qg4 Bc8 32. Ng5 Rg7 33. Rh3 h5 34. Qf4 Qf8
35. Qxf8+ Kxf8 36. Rf3+ Ke7 37. Re3 Bd7 38. Kf2 Be8 39. Kg3 Bd7 1/2-1/2

[Event "Первенство Москвы"]
[Site "РњРѕСЃРєРІР°"]
[Date "2016.11.15"]
[Round "4.9"]
[White "Zaitsev, Yuriy"]
[Black "Levkin, Lev"]
[Result "1-0"]
[WhiteElo "1523"]
[BlackElo "1711"]
[PlyCount "65"]
[EventDate "2016.11.12"]

1. e4 c5 2. Nc3 d6 3. g3 Nc6 4. Bg2 g6 5. d3 Bg7 6. f4 e6 7. Nf3 Nge7 8. O-O
O-O 9. Be3 a6 10. Bf2 b5 11. e5 f5 12. exd6 Qxd6 13. Re1 Rb8 14. a3 Bd7 15. Rb1
Rfe8 16. Ne2 e5 17. fxe5 Nxe5 18. Nxe5 Bxe5 19. d4 cxd4 20. Bxd4 Bxd4+ 21. Qxd4
Qxd4+ 22. Nxd4 Rb6 23. Rbd1 Nc6 24. Rxe8+ Bxe8 25. Nxc6 Bxc6 26. Rd6 Bxg2 27.
Rxb6 Be4 28. c3 Bd3 29. Rxa6 Kg7 30. Ra7+ Kh6 31. b3 g5 32. a4 Kg6 33. a5 1-0

[Event "Первенство Москвы"]
[Site "РњРѕСЃРєРІР°"]
[Date "2016.11.15"]
[Round "4.10"]
[White "Fridman, Roman A"]
[Black "Zherdev, Sviatoslav"]
[Result "1-0"]
[WhiteElo "1693"]
[BlackElo "1412"]
[PlyCount "65"]
[EventDate "2016.11.12"]

1. e4 d5 2. exd5 Nf6 3. Bb5+ Bd7 4. Be2 Nxd5 5. c4 Nb6 6. Nc3 e5 7. Nf3 Nc6 8.
O-O g6 9. d4 exd4 10. Nxd4 Bg7 11. Be3 O-O 12. c5 Nc8 13. Bf3 N8e7 14. Qd2 Nxd4
15. Bxd4 Bxd4 16. Qxd4 Nf5 17. Qf4 c6 18. Rad1 Re8 19. Ne4 Qe7 20. g4 g5 21.
Qxg5+ Qxg5 22. Nxg5 Nh4 23. Rxd7 f6 24. Rxb7 fxg5 25. Bxc6 Red8 26. Rd7 Rac8
27. Bd5+ Kh8 28. c6 Rxd7 29. cxd7 Rd8 30. Bc6 Ng6 31. Re1 Nf4 32. Re8+ Kg7 33.
Rxd8 1-0

[Event "Первенство Москвы"]
[Site "РњРѕСЃРєРІР°"]
[Date "2016.11.15"]
[Round "4.11"]
[White "Gerasimov, Vadim"]
[Black "Titov, Alexander"]
[Result "0-1"]
[WhiteElo "1566"]
[BlackElo "1691"]
[PlyCount "100"]
[EventDate "2016.11.12"]

1. e4 e5 2. Nf3 Nc6 3. d4 exd4 4. Nxd4 Nf6 5. Nxc6 bxc6 6. Bd3 d5 7. O-O dxe4
8. Qe1 Qe7 9. Qc3 Bd7 10. Re1 Qd6 11. Bxe4 Be7 12. Nd2 O-O 13. Bf3 Nd5 14. Qc4
Nb6 15. Qe2 Rfe8 16. Ne4 Qg6 17. Bh5 Qf5 18. Qf3 Qxf3 19. Bxf3 f5 20. Nc3 Bf6
21. Bf4 Nc4 22. Na4 g5 23. Bxc7 Rec8 24. Be2 Nxb2 25. Nxb2 Rxc7 26. Bc4+ Kf8
27. Rab1 Bc3 28. Red1 Bxb2 29. Rxb2 Re8 30. c3 Be6 31. Bd3 Rd7 32. Re2 Kf7 33.
f3 f4 34. Kf2 Kf6 35. Rdd2 Red8 36. Rxe6+ Kxe6 37. Re2+ Kf6 38. Bc4 Rd2 39. Ke1
Rd1+ 40. Kf2 R8d2 41. Bb3 Rxe2+ 42. Kxe2 Rd8 43. Bc2 h6 44. Bb3 Ke5 45. Bc2 c5
46. Bb3 a5 47. Bc4 a4 48. Bb5 a3 49. Bc4 Rb8 50. Bb3 Rxb3 0-1

[Event "Первенство Москвы"]
[Site "РњРѕСЃРєРІР°"]
[Date "2016.11.15"]
[Round "4.12"]
[White "Kireev, Igor"]
[Black "Ivanov, Artem T"]
[Result "1-0"]
[WhiteElo "1479"]
[BlackElo "1660"]
[PlyCount "63"]
[EventDate "2016.11.12"]

1. e4 e5 2. Nf3 Nc6 3. Bc4 Bc5 4. c3 Nf6 5. d3 d6 6. Bg5 h6 7. Bh4 g5 8. Bg3
Be6 9. Bxe6 fxe6 10. Qb3 Qd7 11. Nbd2 O-O-O 12. Qc2 g4 13. Nh4 Rhg8 14. O-O
Rdf8 15. b4 Bb6 16. a4 a6 17. Nc4 Nh5 18. Qb3 Ne7 19. b5 a5 20. Nxb6+ cxb6 21.
d4 exd4 22. cxd4 Nf4 23. Rac1+ Kb8 24. Qe3 Nh5 25. d5 e5 26. Qxb6 Nf4 27. Bxf4
exf4 28. Qxa5 Nc8 29. Nf5 Qh7 30. b6 Nxb6 31. Qxb6 h5 32. a5 1-0

[Event "Первенство Москвы"]
[Site "РњРѕСЃРєРІР°"]
[Date "2016.11.15"]
[Round "4.13"]
[White "Gubanov, Timofey"]
[Black "Dunaev, Denis"]
[Result "1/2-1/2"]
[WhiteElo "1624"]
[BlackElo "1559"]
[PlyCount "85"]
[EventDate "2016.11.12"]

1. d4 e6 2. c4 Nf6 3. Nf3 Bb4+ 4. Bd2 Bxd2+ 5. Nbxd2 c5 6. dxc5 Qa5 7. g3 Qxc5
8. Bg2 Nc6 9. O-O O-O 10. Rc1 Qb4 11. Qc2 b6 12. Rfd1 Bb7 13. a3 Qe7 14. e4 d6
15. Nf1 Rfd8 16. Ne3 Nd7 17. Nd4 Nxd4 18. Rxd4 Rac8 19. Qd1 Nf6 20. Qd3 Ne8 21.
Qd2 g6 22. Rd1 e5 23. Nd5 Bxd5 24. Rxd5 Rxc4 25. b3 Rc5 26. f4 f6 27. Bf1 Kg7
28. b4 Rxd5 29. Qxd5 Qf7 30. fxe5 fxe5 31. Bc4 Qxd5 32. Bxd5 Nf6 33. Kf2 Nxd5
34. Rxd5 Kf6 35. Rd3 Ke6 36. Rc3 Rf8+ 37. Ke2 Rf7 38. Rc6 Kd7 39. b5 Rf8 40.
Rc4 Rf7 41. Rc3 Rf8 42. Rc4 Rf7 43. Rc3 1/2-1/2